[Event "Dortmund SuperGM 34th"]
[Site "Dortmund"]
[Date "2006.08.05"]
[Round "6"]
[White "Aronian, Levon"]
[Black "Svidler, Peter"]
[Result "0-1"]
[WhiteElo "2761"]
[BlackElo "2742"]
[Annotator "Krasenkow,M"]
[PlyCount "94"]
[EventDate "2006.07.29"]
[EventType "tourn"]
[EventRounds "7"]
[EventCountry "GER"]
[EventCategory "19"]
[SourceTitle "CBM 114"]
[Source "ChessBase"]
[SourceDate "2006.10.02"]
[SourceVersion "1"]
[SourceVersionDate "2006.10.02"]
[SourceQuality "1"]

1. d4 Nf6 2. c4 g6 3. Nc3 d5 4. Bg5 Ne4 5. Bh4 Nxc3 6. bxc3 dxc4 7. e3 Be6 8.
Qb1 Qd5 {This bizarre move was examined in CBM 101, annotations to
Atalik-Predojevic. In the current game GM Peter Svidler links it to another
plan.} 9. Nf3 Nd7 $5 (9... Qa5 10. Qb2 (10. Qc2 $5 Nd7 (10... Bf5 11. Qb2) 11.
Nd2 Nb6 12. Be2 Na4 13. O-O b5 14. Bf3 Rd8 15. Rfc1 f6 16. Rab1 Kf7 17. Bc6 a6
18. Rb4 $44 {1-0 Javakhishvili,L-Przezdziecka,M/Turin ITA 2006/The Week in
Chess 604 (44)}) 10... Nd7 11. Be2 Nb6 12. O-O Bg7 $5 {probably more solid than
} (12... Na4 13. Qxb7 Bd5 14. Qb1 Nxc3 15. Qe1 Bg7 16. e4 $1 Nxe2+ 17. Qxe2 $44
{1/2-1/2 Atalik,S-Predojevic,B/Sarajevo 2004/CBM 101/[Atalik] (31)}) 13. Nd2 c5
14. Nb3 Qb5 15. Qa3 Qa4 16. Qxa4+ Nxa4 17. Nxc5 Nxc5 18. dxc5 Bxc3 19. Rab1 b6
20. cxb6 axb6 21. Rxb6 O-O 22. Rxe6 fxe6 23. Bxc4 Kf7 24. Bb3 $11 {1/2-1/2
Sargissian,G-Vachier Lagrave,M/Turin ITA 2006/The Week in Chess 604 (37)}) (
9... Bf5 10. Qb2 Nd7 {had been already played in the following game:} 11. Nd2
Nb6 12. a4 a5 13. f3 Bd3 14. Bxd3 cxd3 15. O-O Bh6 16. f4 Qd7 17. c4 O-O 18.
Qa3 Bg7 19. Ra2 Rfe8 20. Qxd3 Nxa4 21. f5 Nb6 22. Ne4 $44 {1/2-1/2
Lomineishvili,M-Khotenashvili,B/Kusadasi TUR 2006/The Week in Chess 596 (102)
After big complications and an exciting ending the game was drawn.}) 10. Be2
Bf5 11. Qb2 Bg7 12. O-O e5 13. Qb4 {White has wasted a tempo (Qb1-b2-b4) but
the black bishop is not so great on g7.} c5 14. Qxc4 Qxc4 15. Bxc4 Rc8 16. Bd5
Bd3 17. Rfd1 Ba6 18. Rab1 b6 19. Bg3 (19. dxe5 Nxe5 20. Nxe5 Bxe5 21. c4 O-O
22. f4 Bg7 23. e4 Bd4+ 24. Bf2 Bxf2+ 25. Kxf2 {was a better chance but Black
should hold on anyway.}) 19... cxd4 20. exd4 $2 {After this Black takes over
the initiative - and White fails to focus back on stubborn defence.} (20. cxd4
{is standard for such positions although after} Nf6 (20... exd4 21. Nxd4 {
[%cal Rd4c6]}) 21. dxe5 (21. Bxe5 $2 Nxd5 22. Bxg7 Rg8 23. Be5 Nc3) (21. Bb3 $5
Ne4 (21... exd4 22. Ba4+ b5 23. Bxb5+ Bxb5 24. Rxb5) 22. Nxe5 O-O {is somewhat
similar to 21.dxe5}) 21... Nxd5 22. Rxd5 Bc4 23. Rd2 O-O {White's extra pawn
should not be enough to win.}) 20... Nf6 21. Bb3 $2 (21. Bxe5 Nxd5 22. Bxg7 Rg8
23. Re1+ Kd8 24. Bh6 Rxc3 25. Ng5 $132) 21... Ne4 22. Re1 Nxc3 23. Rb2 (23.
Bxe5 O-O 24. Rb2 Rfe8 25. Re3 Bh6 26. Re1 Bc4 $17) 23... e4 24. Ng5 Bc4 $1 (
24... O-O $5 25. Bd6 Bd3 26. Bxf8 Rxf8 $36 {was totally unnecessary.}) 25. Nxe4
Nxe4 26. Rxe4+ Kd8 {Black has a clear advantage in the endgame due to his
potential outside passed pawn and centralized king.} 27. Bf4 Bxb3 28. Rxb3 Re8
29. Rxe8+ Kxe8 30. d5 Rc4 31. g3 Ra4 32. Re3+ Kd7 33. Re2 Bf8 34. Kf1 Bd6 35.
Be3 Bc5 36. Bf4 {The rook endgame is hopeless but now White just loses his d5
pawn.} (36. Bxc5 bxc5 37. Rb2 Rb4 $1) 36... Rd4 37. Rc2 Rxd5 38. Ke2 b5 39. g4
Kc6 40. Be3 Kb6 41. Rd2 Rxd2+ 42. Bxd2 b4 43. f3 Kb5 44. Kd3 Bd6 45. h3 Be5 46.
Be3 a5 47. Bd2 a4 0-1

[Event "EU-ch 5th"]
[Site "Antalya"]
[Date "2004.05.20"]
[Round "5"]
[White "Gurevich, Mikhail"]
[Black "Krasenkow, Michal"]
[Result "1/2-1/2"]
[WhiteElo "2672"]
[BlackElo "2609"]
[Annotator "Krasenkow,M"]
[PlyCount "55"]
[EventDate "2004.05.15"]
[EventType "swiss"]
[EventRounds "13"]
[EventCountry "TUR"]
[SourceTitle "CBM 101"]
[Source "ChessBase"]
[SourceDate "2004.07.27"]
[SourceVersion "1"]
[SourceVersionDate "2004.07.27"]
[SourceQuality "1"]

1. d4 {Gurevich,M} Nf6 2. c4 g6 3. Nc3 d5 4. Bg5 Ne4 5. Bh4 c5 6. cxd5 Nxc3 7.
bxc3 Qxd5 8. e3 cxd4 9. Qxd4 Qxd4 10. cxd4 e6 11. Bd3 (11. Nf3 {-see CBM98,
annotations to Jobava-Krasenkow}) 11... Nc6 12. Nf3 Be7 13. Bg3 Nb4 $146 {
[%mdl 8] A new idea. Using tactical motifs, Black tries to simplify the
position.} (13... O-O {-see annotations to the above-mentioned game.}) 14. Bb5+
(14. Be4 f5 15. Bb1 Bd7 16. a3 Rc8 $1 17. Kd2 Nd5 {with good counterplay based
on the white weak a3 pawn.}) (14. Bb1 {Gurevich,M} O-O 15. a3 Nd5 16. Bd3 b6
17. Kd2 Bb7 18. Rhc1 Rac8 $132 {(xa3)}) 14... Bd7 15. Bxd7+ Kxd7 16. Ne5+ Ke8
17. Kd2 f6 18. Nd3 (18. Nc4 {Gurevich,M} Kd7 19. Rhc1 b6 (19... Rac8 20. a3 Nc6
21. Rab1 b6 $13 22. Rxb6 $2 Na5 $1 $17) 20. e4 h5 $132) 18... Nxd3 19. Kxd3 {
[%mdl 4096]} Kd7 20. Rhb1 b6 21. a4 {This attack can be carefully parried.
Gurevich,M: '[/\22.a5|^<<]'} h5 (21... Rhc8 22. a5 Bd8 23. e4 f5 $1 24. f3 Rc6
{is good enough for equality but Black tries to achieve more provoking h2-h4.})
22. h4 $6 {After this Black is out of danger as any bishop endgame, with this
pawn on the dark square (the colour of White's bishop) is satisfactory for him.
It was better for White to allow ...h4. Then, however, Black could often go to
the rook endgame as the weakness of White's g2 pawn guaranteed him sufficient
counterplay. Gurevich,M: '[xh4;'} (22. h3 h4 23. Bh2 Rh5 24. Rb5 Rah8 $11) (22.
f3 $5 h4 23. Be1 Rab8 $11 (23... h3 $6 24. gxh3 {'!' Gurevich,M.} Rxh3 {
Gurevich,M} 25. a5 Rhh8 (25... bxa5 26. Rb7+ Ke8 27. Bg3 $16) 26. axb6 axb6 27.
Rxa8 Rxa8 28. Rxb6 Ra3+ 29. Bc3 $16) (23... Bd6 {Gurevich,M} 24. h3 Rab8 25.
Rb5 $14) 24. a5 $140 b5) 22... Rhc8 23. a5 Bd8 24. f3 {Gurevich,M: '[/\25.Be1]'
} Rc6 (24... bxa5 {Gurevich,M} 25. Rb7+ Kc6 26. Rg7 $16) 25. Be1 a6 {Gurevich,
M: '[/\26...b5,27...Rac8<=>;'} (25... bxa5 {Gurevich,M} 26. Bxa5 $14) 26. axb6
Rxb6 27. Rxb6 Bxb6 28. e4 (28. e4 a5 29. Kc4 Rc8+ (29... Kc6 $11 {_|_}) 30. Kd3
Ra8 $11) 1/2-1/2

[Event "Karadjordje Serbia"]
[Site "Topola"]
[Date "2004.05.11"]
[Round "8"]
[White "Jeremic, Veljko"]
[Black "Ruck, Robert"]
[Result "1/2-1/2"]
[WhiteElo "2490"]
[BlackElo "2556"]
[Annotator "Krasenkow,M"]
[PlyCount "63"]
[EventDate "2004.05.04"]
[EventType "tourn"]
[EventRounds "11"]
[EventCountry "YUG"]
[EventCategory "13"]
[SourceTitle "CBM 101"]
[Source "ChessBase"]
[SourceDate "2004.07.27"]
[SourceVersion "1"]
[SourceVersionDate "2004.07.27"]
[SourceQuality "1"]

1. d4 Nf6 2. c4 g6 3. Nc3 d5 4. Bg5 Ne4 5. Bf4 Nxc3 6. bxc3 Bg7 7. e3 c5 8.
cxd5 Qxd5 9. Nf3 cxd4 10. cxd4 Nc6 11. Be2 O-O 12. O-O Bf5 13. Qa4 Qa5 14. Qb3
Qb4 {About this line see Milov-Svidler in CBM79.} 15. Rfc1 (15. Bc4 a6 16. Bc7
{is a new, quite harmless attempt by GM U.Boensch:} Qxb3 17. axb3 Rac8 18. Bb6
e5 $5 19. h3 (19. d5 e4 $1) 19... exd4 20. exd4 h6 21. Rfe1 Rfe8 22. Rxe8+ Rxe8
23. Rd1 Nb8 24. g4 Bc2 25. Re1 (25. Rc1 Nd7) 25... Rxe1+ 26. Nxe1 Nd7 27. Ba7
Bd1 28. Bd5 b6 29. Bc6 Nf6 $11 {0-1 Boensch,U-Holzke,F/Germany 2004/CBM 101 
(56)}) 15... Qxb3 (15... Rac8 16. Bc4 (16. Bb5 Be6 17. Qd3 Qa5 18. a3 Bd5 19.
Rab1 Ba2 20. Ra1 Bd5 21. Rab1 Ba2 {1/2-1/2 Bareev,E-Kasparov,G/Sarajevo
1999-CBM71}) 16... Qxb3 17. axb3 a6 18. Bd5 Bd3 19. Nd2 Rfd8 20. Bxc6 Rxc6 21.
Rxc6 bxc6 22. Rc1 Bb5 $11 {1/2-1/2 Milov,V-Svidler,P/Biel 2000/CBM 79/
[Krasenkow] (34)}) 16. axb3 Rfc8 {A new plan quite sufficient for equality.}
17. Bc4 a6 18. h3 h6 19. Bd5 Nd8 20. Nd2 (20. Bc7 e6 $5 (20... Nc6 $11) 21. g4
$8 exd5 22. gxf5 gxf5 $13) 20... Rxc1+ 21. Rxc1 Rc8 22. Rc7 Rxc7 23. Bxc7 Nc6
24. Nc4 Kf8 25. Bxc6 (25. Na5 Nxa5 26. Bxa5 Bc8 {[%cal Yf8e8,Ye7e6,Yg7f6,Yf6d8]
}) 25... bxc6 26. Na5 Ke8 27. Bb6 Bc2 28. Bc5 Kd7 29. f3 e5 30. dxe5 Bxe5 31.
b4 Bc7 32. Kf2 1/2-1/2

[Event "EU-ch 4th"]
[Site "Istanbul"]
[Date "2003.06.02"]
[Round "4"]
[White "Kacheishvili, Giorgi"]
[Black "Sakaev, Konstantin"]
[Result "0-1"]
[WhiteElo "2592"]
[BlackElo "2664"]
[Annotator "Krasenkow,M"]
[PlyCount "122"]
[EventDate "2003.05.30"]
[EventType "swiss"]
[EventRounds "13"]
[EventCountry "TUR"]
[SourceTitle "CBM 096"]
[Source "ChessBase"]
[SourceDate "2003.09.25"]
[SourceVersion "1"]
[SourceVersionDate "2003.09.25"]
[SourceQuality "1"]

1. d4 Nf6 2. c4 g6 3. Nc3 d5 4. Bg5 Ne4 5. Bh4 Nxc3 6. bxc3 dxc4 7. e3 Bg7 (
7... Be6 {is the main line in this position but the simple text move is quite
possible, too.}) 8. Bxc4 O-O (8... c5 $5 9. Nf3 cxd4 10. cxd4 Qa5+ 11. Qd2 Nc6
{1/2-1/2 Alber,H-Seger,R/Frankfurt 2000/EXT 2001 (31)}) 9. Nf3 c5 (9... b6 10.
O-O Bb7 11. Qe2 Nd7 12. Rfd1 (12. e4 $5) 12... Nf6 13. Rac1 a6 14. Bb3 Qc8 15.
Ne5 c5 16. f3 Qc7 17. Nc4 cxd4 18. cxd4 Rac8 19. Qd2 Qd8 20. Bf2 $14 {1-0
Schandorff,L-Manor,I/Thessaloniki 1988/TD (33)}) (9... Nc6 $5 10. O-O b6 11.
Rc1 Bb7 12. e4 Na5 13. Bd3 c5 14. d5 c4 15. Bb1 Qd7 16. Qd2 Rae8 17. Nd4 e6
$132 {0-1 Munschi,S-Roos,D/FRA 1994/TD (41)}) 10. O-O Nc6 11. Rb1 (11. Qe2 Qc7
$5 (11... Bf5 12. Rfd1 cxd4 13. cxd4 Rc8 14. h3 Na5 15. Bd3 Bxd3 16. Qxd3 Qd7
17. Qa3 Nc6 18. Rab1 $14 {1/2-1/2 Bernstein,D-Popovic,P/Groningen 1976/EXT
2000 (33)}) 12. Bg3 e5 13. h3 Qe7 14. d5 Na5 15. e4 Nxc4 16. Qxc4 Qd6 $11 {
1/2-1/2 Slezka,V-Krupkova,P/CZE 1996/EXT 98 (40)}) (11. Rc1 $5 Na5 12. Be2 Be6
13. Qa4 {1-0 Pilar,M-Roj,M/CZE 1995/EXT 97 (64)}) (11. Qa4 $5 Bd7 12. Qa3 Qa5
13. Qb3 Qc7 14. Bg3 Qc8 15. Ng5 Be8 16. Be2 Na5 17. Qa3 b6 18. Rab1 Bc6 19.
dxc5 Qf5 20. Nf3 Qxc5 $11 {1/2-1/2 Huzman,A-Shmuter,L/Simferopol 1990/CBM 21 
(87)}) 11... a6 12. a4 Na5 13. Be2 (13. Bd3 $5) 13... Bf5 14. Rc1 Rc8 15. Nd2
Be6 16. Rb1 Ba2 17. Ra1 Be6 18. Ne4 {White plays for a win but Black gets
enough counterplay.} Bb3 $5 19. Qe1 c4 {[%csl Ra4]} 20. Qc1 (20. Nc5 $5) 20...
f5 21. Nd2 Qc7 22. f4 Bf6 23. Bf2 {In my opinion, there was no reason for
White to keep his "bad" bishop. Well, he didn't want to open up the e-file for
Black but} (23. Qe1 $13 {[%cal Ye3e4] was quite possible.}) 23... e6 24. Qb2 {
It was more logical to create counterplay in the centre:} (24. e4 $1) 24... Qd7
25. Nxb3 (25. e4 $5) 25... cxb3 {So, Black now has a passed (however, still
weak) pawn, an open file and an attack on White's weak c3 pawn! Was it worth
for White to do this?} 26. Rfc1 Rc6 $5 27. Bf3 Rc4 28. Be2 Rc6 {Draw?} 29. Bb5
{No! White wants to win and accepts Black's exchange sacrifice. However, the
b3 pawn now turns into a formidable weapon.} Rb8 30. Bxc6 bxc6 31. c4 c5 $1 32.
Be1 Nc6 33. Ra3 cxd4 34. Rxb3 (34. Rb1 $142 $1 $13 {gaining a tempo}) 34...
Rxb3 35. Qxb3 {The pawn has fallen but the white center has been destroyed in
the meantime.} dxe3 $44 {[%csl Ge3] Another strong passed pawn is coming!} 36.
Bc3 Nd4 37. Qd1 $2 {White starts playing too passively.} (37. Qb8+ $142 Kf7 38.
Rb1 $1 {[%cal Rb1b7]} Ne2+ 39. Kh1 (39. Kf1 Qd3 40. Rb7+ Be7 41. Rxe7+ Kxe7 42.
Bb4+ Kd7 43. Qb7+ Kd8 $11) 39... Be7 40. Ba1 Qd3 41. Qb2 $13) 37... Qd6 38.
Bxd4 Bxd4 39. Qf3 Bc5 40. Kf1 Qd3+ 41. Qe2 Qe4 42. Kg1 Qxf4 $17 {[%csl Gc5,Ge3,
Ge6,Gf5] The strong pawns in the centre should bring Black the victory in a
long term.} 43. Rd1 $4 {Blunders in the eternal time-trouble are starting.
Thanks, Mr. Ilumzhinov!} (43. Rb1) (43. Rf1) 43... Kg7 $4 (43... Qxc4 $1 44.
Kf1 Qxa4 $19) 44. Rd7+ $2 {This "active"move quickly loses. White can't stop
black's e3 pawn without this rook.} (44. Rb1) (44. Rf1) 44... Kf6 45. Rxh7 $2 (
45. g3 $142 Qf3 46. Qxf3 e2+ 47. Kh1 (47. Kg2 e1=N+) 47... e1=Q+ 48. Kg2 Qg1+
49. Kh3 g5 $19) (45. h3 Bd6 $19) 45... Qxc4 $2 {Good enough to win but} (45...
Qf2+ $1 46. Qxf2 e2 $19 {was much nicer.}) 46. Kf1 Qxa4 47. g3 Qe4 48. Kg1 a5
49. Rh4 $2 Qf3 (49... Qd5 $142 $19 {[%cal Rd5d1]}) 50. Qxf3 e2+ 51. Kh1 e1=Q+
52. Kg2 g5 53. Rc4 Qg1+ 54. Kh3 Bf2 55. Qc3+ Kg6 56. Qd3 Bxg3 $1 57. Qe2 (57.
Qxg3 Qf1+ $19) 57... Kf6 58. Qb2+ Be5 59. Qxe5+ Kxe5 60. Re4+ Kd5 61. Re5+ Kc4
0-1

[Event "Biel GM"]
[Site "Biel"]
[Date "2000.07.27"]
[Round "4"]
[White "Milov, Vadim"]
[Black "Van Wely, Loek"]
[Result "1/2-1/2"]
[WhiteElo "2626"]
[BlackElo "2643"]
[Annotator "Krasenkow,M"]
[PlyCount "120"]
[EventDate "2000.07.24"]
[EventType "tourn"]
[EventRounds "10"]
[EventCountry "SUI"]
[EventCategory "16"]
[SourceTitle "CBM 079"]
[Source "ChessBase"]
[SourceDate "2000.11.21"]
[SourceVersion "1"]
[SourceVersionDate "2000.11.21"]
[SourceQuality "1"]

1. d4 Nf6 2. c4 g6 3. Nc3 d5 4. Nf3 Bg7 5. Bg5 Ne4 6. Bf4 Nxc3 7. bxc3 c5 8. e3
O-O 9. cxd5 cxd4 10. cxd4 Qxd5 11. Be2 Qa5+ {This simplifying check is quite a
safe way to equality.} 12. Qd2 Nc6 13. Qxa5 Nxa5 14. Bc7 {A typical manoeuvre
in this system barring the c-file and restricting the mobility of the black
pieces.} (14. Rc1 Be6 $1 15. e4 Rfc8 16. d5 Rxc1+ 17. Bxc1 Bd7 18. Bd2 Rc8 $1
19. O-O $6 (19. Bxa5 Rc1+ 20. Bd1 Ba4 21. Ke2 Bb5+ $11 22. Ke3 $2 Bh6+ 23. Kd4
Rc4+ 24. Kd3 Ra4+) 19... Nc4 20. Bg5 e6 21. h3 exd5 22. exd5 Nb6 23. Bd1 Nxd5
24. Bb3 Nc3 25. Be3 a5 {0-1 Loginov,A-Yandemirov,V/Chigorin mem 1998}) 14...
Nc6 ({Here is a typical example of inaccurate play from Black:} 14... b6 {
(too early!)} 15. O-O Bb7 16. Rfc1 Rfc8 17. Bb5 Bd5 18. Rc2 e6 19. Rac1 Bf6 20.
Ba6 Bb7 21. Bxb7 Nxb7 22. Bf4 Rxc2 23. Rxc2 {[%cal Gc1c8]} Bd8 24. Ne5 Kg7 25.
Kf1 g5 26. Bg3 f6 27. Nd3 Kf7 28. Nb4 Na5 29. Na6 {Varga,P-Palkovi,J/Budapest
FS03 IM-A 1994/1-0 (56)}) 15. Rb1 b6 (15... Be6 {is a bit risky but also
possible:} 16. Rxb7 Bxa2 17. Kd2 Bd5 18. Rb5 Be4 19. Rc1 Rfc8 20. Bg3 e6 21.
Ng5 $5 Bxg2 22. f3 h6 23. Ne4 Ne7 24. Rxc8+ Rxc8 25. Nd6 Rd8 26. Rb7 Bf8 $11 {
Ivanchuk,V-Shipov,S/FIDE-Wch k.o. 1999/1-0 (41)-CBM72}) 16. O-O Bb7 17. Rfc1 (
17. d5 Na5 18. Rfd1 Rac8 19. Rbc1 Bb2 20. Rc2 Ba3 21. Ne1 Bc6 22. Bxb6 axb6 23.
dxc6 Rxc6 24. Bb5 Rxc2 25. Nxc2 Bd6 {1/2-1/2 Goldin,A-Shmuter,L/Rishon le Zion
YM 1995 (32)}) 17... Rac8 18. Bg3 Na5 $1 {Black shouldn't be long with
simplifications:} (18... Rfd8 19. Bb5 e6 20. h3 Bf8 21. Bh4 Rd5 22. Bxc6 Rxc6
23. Rxc6 Bxc6 24. Rc1 Bb5 25. Ne5 h6 26. Bf6 Ba6 27. Rc7 Ra5 28. Rxa7 Rxa2 29.
Ra8 Bc4 30. Re8 Ra1+ 31. Kh2 Bd5 32. Nd7 Ra8 33. Bd8 {1-0 Zvjaginsev,V-Votava,
J/Stockerau 1993/EXT 93}) 19. Nd2 Rxc1+ 20. Rxc1 Rc8 21. Rxc8+ Bxc8 22. Ne4 $6
{A harmless attempt to improve White's play.} (22. Bf3 Bb7 23. Bxb7 Nxb7 24.
Ne4 Na5 25. Nc3 Nc6 26. Kf1 Kf8 27. Ke2 Ke8 28. Kd3 Kd7 29. Kc4 Kc8 30. Bh4 Bf8
31. e4 a6 32. a4 e5 33. d5 Na5+ 34. Kd3 Nb7 35. f3 f5 36. Bf2 {1/2-1/2
Zvjaginsev,V-Azmaiparashvili,Z/Vidmar mem12th 1997}) 22... Bb7 23. Nc3 Kf8 24.
Nb5 a6 25. Nc3 b5 26. Bc7 Nc4 27. Bxc4 bxc4 {Black's c4 pawn is blocked but
with a pair of bishops he has nothing to fear. Moreover, his chances is
preferable. He can play for a win creating a "second weakness" (besides his
passed pawn) on White's kingside.} 28. f3 Ke8 29. Kf2 Kd7 30. Ba5 f5 31. Bb6 e5
32. dxe5 Bxe5 33. Bd4 Bd6 34. h3 Ke6 35. Na4 Bc6 36. Nc3 g5 37. Ne2 h5 38. Nc3
h4 39. Ne2 Be7 40. Bc3 Bd7 41. Bd4 Kd6 42. Bb2 Bd8 43. Bd4 Be7 44. Bb2 Kc6 45.
Nd4+ Kb6 46. Bc3 a5 47. Ke1 g4 $2 {A tactical miscalculation.} ({After} 47...
Bd6 {, followed by ...g4, White would have faced serious problems.}) 48. hxg4
fxg4 49. fxg4 Bxg4 50. Bxa5+ $1 Kxa5 51. Nc6+ Ka4 52. Nxe7 Ka3 53. Kd2 Kb2 54.
Nd5 Bf3 55. gxf3 h3 {Perhaps Black thought his pawns were unstoppable but...}
56. Nc3 $1 h2 57. Nd1+ $1 Kxa2 58. Nf2 Kb2 59. Nd1+ Kb3 60. Nf2 {[%cal Rd2c1]}
Kb2 1/2-1/2

[Event "Moscow Tal Memorial 1st"]
[Site "Moscow"]
[Date "2006.11.08"]
[Round "3"]
[White "Aronian, Levon"]
[Black "Svidler, Peter"]
[Result "0-1"]
[WhiteElo "2741"]
[BlackElo "2750"]
[Annotator "Krasenkow,M"]
[PlyCount "48"]
[EventDate "2006.11.06"]
[EventType "tourn"]
[EventRounds "9"]
[EventCountry "RUS"]
[EventCategory "20"]
[SourceTitle "CBM 116"]
[Source "ChessBase"]
[SourceDate "2007.02.01"]
[SourceVersion "1"]
[SourceVersionDate "2007.02.01"]
[SourceQuality "1"]

1. d4 Nf6 2. c4 g6 3. Nc3 d5 4. Bg5 Ne4 5. Bh4 Nxc3 6. bxc3 dxc4 7. e3 Be6 8.
Qb1 Qd5 {About this line - see CBM 114, game of the same opponents from
Dortmund.} 9. Nf3 Nd7 10. Be2 Bf5 11. Qb2 Bg7 12. O-O Nb6 $146 {This is not a
big improvement but it leads to positions of a different type comparing to} (
12... e5 13. Qb4 c5 14. Qxc4 Qxc4 15. Bxc4 Rc8 16. Bd5 Bd3 17. Rfd1 Ba6 18.
Rab1 b6 19. Bg3 cxd4 20. exd4 $2 (20. cxd4 $11) 20... Nf6 21. Bb3 Ne4 $17 {
0-1 Aronian,L-Svidler,P/Dortmund 2006/CBM 114 (47)}) 13. a4 $1 a5 14. Nd2 Bd3
15. Bxd3 (15. Bf3 $6 Qd7) 15... cxd3 {This pawn guarantees Black sufficient
counterchances. To recapture it, White must spend precious time.} 16. Rfb1 (16.
Qb1 $5 Qc6 17. Qxd3 Nxa4 {Emelin}) (16. c4 $6 Nxc4 17. Nxc4 Qxc4 18. Qxb7 O-O
19. Bxe7 Rfb8 20. Qe4 d2 {Jakovenko}) 16... Qc6 (16... e5 $5 {Jakovenko}) (
16... e6 $5 {[%cal Ye8g8]} 17. Bg3 O-O 18. Bxc7 Nc4 $132) 17. Qa3 (17. Qb5 Qxb5
(17... e5 18. Qxd3 O-O 19. Rb5 $14 {Jakovenko}) 18. Rxb5 Kd7 $1 19. c4 Rhe8 {
[%cal Ye7e5]} 20. Bg3 Kc8 21. Ra3 Ra6 22. Rxd3 e5 $132 23. c5 Nd7) 17... O-O
18. c4 $2 {An unnecessary pawn sacrifice.} (18. Bxe7 Rfe8 19. Bc5 (19. Bh4 Nd5
20. Rb3 f5 $13 {Jakovenko}) 19... Nd7 20. Rb5 (20. Be7 $11) {leads to an
unclear position, in which Black's d3 pawn brings him sufficient counterplay:}
20... b6 21. Be7 Qe6 22. Bh4 c6 23. Rb2 c5 $13) 18... Nxc4 19. Nxc4 Qxc4 20.
Bxe7 Rfe8 21. Rd1 Rac8 (21... f6 $5 {[%csl Re7][%cal Rc4f7]} 22. d5 (22. Rac1
Qf7 23. Rxc7 Bf8 $19) 22... Qxd5 23. Rxd3 Qf7 24. Bc5 $17) 22. Bg5 $6 (22. Rac1
Qd5 (22... Qe6 23. Bg5) 23. Rxd3 b6 24. Bh4 c5 25. dxc5 Qe4 $17 26. Bg3 Bb2 27.
Qxb2 Qxd3 28. Qxb6 Qa3 $17 {Jakovenko}) 22... c5 23. Qxd3 cxd4 24. exd4 $4 {
[%mdl 8192] A blunder but otherwise White is a pawn down.} Re1+ 0-1

[Event "Astana"]
[Site "Astana"]
[Date "2001.05.28"]
[Round "7"]
[White "Gelfand, Boris"]
[Black "Kasparov, Garry"]
[Result "1/2-1/2"]
[WhiteElo "2712"]
[BlackElo "2827"]
[Annotator "Krasenkow,M"]
[PlyCount "37"]
[EventDate "2001.05.20"]
[EventType "tourn"]
[EventRounds "10"]
[EventCountry "KAZ"]
[EventCategory "20"]
[SourceTitle "CBM 084"]
[Source "ChessBase"]
[SourceDate "2001.09.13"]
[SourceVersion "1"]
[SourceVersionDate "2001.09.13"]
[SourceQuality "1"]

1. d4 Nf6 2. Nf3 g6 3. c4 Bg7 4. Nc3 d5 5. Bg5 Ne4 6. Bf4 Nxc3 7. bxc3 c5 8. e3
O-O 9. cxd5 cxd4 10. cxd4 Qxd5 11. Be2 Nc6 12. O-O Bf5 13. Qa4 Qa5 14. Qb3 Be4
{A new concept of equalizing for Black in this variation.} (14... Qb4 {was
played before, e.g.} 15. Rfc1 Rac8 16. Bc4 Qxb3 17. axb3 a6 18. Bd5 Bd3 19. Nd2
Rfd8 20. Bxc6 Rxc6 21. Rxc6 bxc6 22. Rc1 Bb5 23. Nb1 f6 24. Nc3 e5 25. dxe5
fxe5 26. Bg5 Rd3 27. g4 Bf8 28. Bf6 Ba3 29. Rc2 Bd6 30. Kg2 Kf7 31. g5 Ke6 32.
Kf3 Kf5 33. Ne4 Ke6 34. Nc3 {1/2-1/2 Milov,V-Svidler,P/Biel 2000/CBM 79 The
whole variation was discussed in CBM71 and 79.}) 15. Rfc1 Rac8 16. h3 (16. Bg3
$5 {deserves more attention as} e5 $2 (16... Qb4 {is quite possible, of course}
) 17. Rc5 {is now favorable for White (the f4 bishop is not hanging).}) 16...
e5 $1 {[%csl Rf4]} 17. Nxe5 (17. Rc5 {doesn't work because of} Bxf3 $1 ({
but not} 17... Nxd4 $2 18. exd4 Rxc5 19. Bd2 $1) 18. Bxf3 (18. Rxa5 Nxa5 {
[%cal Rf3e2,Re5f4] and Black takes more material}) 18... Nxd4 $1 19. Rxa5 Nxb3
20. axb3 exf4 $15) 17... Nxe5 18. Bxe5 Bxe5 19. dxe5 1/2-1/2